000
00196nam a22000977a 4500
082
_a
TRA
100
_a
Traister John
245
_a
Electrical applications guide book
300
_a
1979
942
_c
BK
999
_c
11870
_d
11870